000
002550000a22000970004500
100
1
_a
Rottzoll, Dirk U.
245
1
0
_a
Die kh'mr --Legitimationsformel
300
_a
Vol. 39, Num. 3 (Julio, 1989), Páginas 323-340
773
0
_t
Vetus Testamentum
942
_c
ANA
999
_c
57523
_d
57523